000 01158cam a22003617a 4500
003 CHAP
005 20220817043125.0
008 971013s1982 it a r 00010 eng d
010 _a66303
011 _a67275
035 _a76745
040 _cCHAP
082 _a636.08
_bF3y v.30
110 _aFAO
245 1 0 _aSheep and goat breeds of India
_c/by R.M. Acharya
260 _aRome :
_bFAO,
_c1982
300 _a190 p.
_b: ilus.
490 0 _aFAO. Producción y sanidad animal
_v; 30
590 _aBATCH-UPD
_b10
_c20130110
_lUCH01
_h0608
590 _aBATCH-UPD
_b10
_c20130410
_lUCH01
_h0250
590 _aBATCH-UPD
_b10
_c20130913
_lUCH01
_h1902
590 _aCONVERSION
_b10
_c20130109
_lUCH01
_h1337
650 1 4 _aGanado cabrío
_xMejoramiento.
_945023
650 1 4 _aGanado cabrío
_xRazas.
_945042
650 1 4 _aGanado lanar
_xIndia.
_945187
650 1 4 _aGanado lanar
_xMejoramiento.
_945194
650 1 4 _aGanado lanar
_xRazas.
_945218
700 0 _aAcharya, R. M.
830 0 _aFAO. Producción y sanidad animal
_v; 30
_939655
901 _aBK
942 _cLIBRO
949 _a636.08 F3y v.30
_bBC
_cFAO
_d33724002064959
_eFAO1
_gI.139783
_h72320
_i76745
_sb
999 _c66303
_d66303